Die 10 größten Städte - Mexiko - Statistiken

Allgemein
  • Dieses Quiz wurde 89 mal gespielt
  • Das Durchschnittsergebnis liegt bei 5 aus 10
Antwortstatistiken
Einwohner Stadt % Korrekt
22.090.000 Mexiko-Stadt
100%
5.340.000 Guadalajara
83%
5.040.000 Monterrey
72%
2.220.000 Tijuana
63%
3.300.000 Puebla
49%
1.870.000 León de los Aldamas
42%
1.560.000 Ciudad Juárez
29%
2.580.000 Toluca de Lerdo
21%
1.390.000 Querétaro
14%
1.730.000 La Laguna
5%
Keine übereinstimmenden Quizze gefunden
Verteilung der Resultate
Anzahl Personen mit jedem Resultat
Perzentil nach korrekt beantworteten Fragen
Ihre Resultats-Entwicklung
Sie haben dieses Quiz noch nicht gespielt